[Event "ODJM B 2017"]
[Site "Willingen GER"]
[Date "2017.06.08"]
[Round "7"]
[White "Frank, Carolin"]
[Black "Schulter, Moritz"]
[Result "1/2-1/2"]
[Termination "normal"]
[Board "5"]
[WhiteElo "1487"]
[BlackElo "1324"]
[WhiteClock "00:12:16"]
[BlackClock "00:09:17"]
[PlyCount "56"]
[WhiteFideId "16207190"]
[BlackFideId "16245067"]
[EventCountry "GER"]
[EventRounds "9"]
[EventType "swiss"]
[EventDate "2017.06.03"]

1. Nf3 {[%clk 1:30:58]} 1... Nf6 {[%clk 1:30:47]} 2. g3 {[%clk 1:31:24]} 2...
d5 {[%clk 1:30:56]} 3. Bg2 {[%clk 1:31:45]} 3... c6 {[%clk 1:31:00]} 4. c4 {
[%clk 1:31:34]} 4... Bg4 {[%clk 1:30:14]} 5. Ne5 {[%clk 1:30:21]} 5... e6 {
[%clk 1:21:16]} 6. cxd5 {[%clk 1:24:44]} 6... exd5 {[%clk 1:20:30]} 7. Nxg4 {
[%clk 1:23:49]} 7... Nxg4 {[%clk 1:19:09]} 8. h3 {[%clk 1:21:28]} 8... Nf6 {
[%clk 1:19:12]} 9. O-O {[%clk 1:17:41]} 9... Bd6 {[%clk 1:14:45]} 10. d4 {
[%clk 1:14:41]} 10... O-O {[%clk 1:14:00]} 11. Nc3 {[%clk 1:08:39]} 11... Nbd7
{[%clk 1:11:31]} 12. Qc2 {[%clk 0:57:33]} 12... Nb6 {[%clk 1:06:01]} 13. Rd1 {
[%clk 0:56:08]} 13... Re8 {[%clk 1:02:17]} 14. Bg5 {[%clk 0:51:57]} 14... h6 {
[%clk 1:01:44]} 15. Bxf6 {[%clk 0:51:11]} 15... Qxf6 {[%clk 1:00:03]} 16. e4 {
[%clk 0:48:40]} 16... Qg6 {[%clk 0:51:31]} 17. Rac1 {[%clk 0:44:09]} 17... dxe4
{[%clk 0:44:53]} 18. Bxe4 {[%clk 0:42:35]} 18... Qe6 {[%clk 0:39:05]} 19. Bf5 {
[%clk 0:40:35]} 19... Qf6 {[%clk 0:32:53]} 20. d5 {[%clk 0:37:31]} 20... Be5 {
[%clk 0:26:42]} 21. dxc6 {[%clk 0:34:28]} 21... Bxc3 {[%clk 0:25:43]} 22. bxc3
{[%clk 0:30:49]} 22... Qxc6 {[%clk 0:24:53]} 23. Rd4 {[%clk 0:21:57]} 23... Re5
{[%clk 0:18:27]} 24. c4 {[%clk 0:19:34]} 24... Rae8 {[%clk 0:16:11]} 25. Bd3 {
[%clk 0:14:20]} 25... Nd7 {[%clk 0:13:45]} 26. Kh2 {[%clk 0:12:28]} 26... Nc5 {
[%clk 0:12:27]} 27. Bf1 {[%clk 0:12:09]} 27... g6 {[%clk 0:11:22]} 28. Bg2 {
[%clk 0:12:16]} 28... Qe6 {[%clk 0:09:17]} 1/2-1/2

[Event "ODJM B 2017"]
[Site "Willingen GER"]
[Date "2017.06.08"]
[Round "7"]
[White "Neppert, Paul"]
[Black "Huppert, Anna"]
[Result "1-0"]
[Termination "normal"]
[Board "6"]
[WhiteElo "1598"]
[BlackElo "1383"]
[WhiteClock "00:10:24"]
[BlackClock "00:11:17"]
[PlyCount "123"]
[WhiteFideId "16219414"]
[BlackFideId "16214439"]
[EventCountry "GER"]
[EventRounds "9"]
[EventType "swiss"]
[EventDate "2017.06.03"]

1. e4 {[%clk 1:30:58]} 1... e6 {[%clk 1:30:56]} 2. Nc3 {[%clk 1:31:11]} 2... d5
{[%clk 1:31:13]} 3. d4 {[%clk 1:31:28]} 3... Bb4 {[%clk 1:31:23]} 4. e5 { [%clk
1:31:47]} 4... c5 {[%clk 1:30:58]} 5. a3 {[%clk 1:31:44]} 5... Bxc3+ { [%clk
1:30:59]} 6. bxc3 {[%clk 1:32:02]} 6... Ne7 {[%clk 1:29:26]} 7. Qg4 { [%clk
1:31:38]} 7... O-O {[%clk 1:28:12]} 8. Nf3 {[%clk 1:30:09]} 8... Ng6 { [%clk
1:22:46]} 9. Bd3 {[%clk 1:23:32]} 9... Nc6 {[%clk 1:15:24]} 10. O-O { [%clk
1:21:15]} 10... Nce7 {[%clk 1:07:59]} 11. Qh5 {[%clk 1:17:53]} 11... c4 { [%clk
1:00:54]} 12. Be2 {[%clk 1:17:59]} 12... h6 {[%clk 0:48:00]} 13. Qg4 { [%clk
1:07:47]} 13... Nf5 {[%clk 0:38:21]} 14. g3 {[%clk 0:46:46]} 14... Re8 { [%clk
0:30:14]} 15. h4 {[%clk 0:44:08]} 15... Nf8 {[%clk 0:23:22]} 16. Qh3 { [%clk
0:42:18]} 16... Nh7 {[%clk 0:17:22]} 17. g4 {[%clk 0:37:27]} 17... Ne7 { [%clk
0:17:47]} 18. Kh1 {[%clk 0:33:28]} 18... Nc6 {[%clk 0:15:50]} 19. g5 { [%clk
0:30:42]} 19... h5 {[%clk 0:14:43]} 20. Nh2 {[%clk 0:20:11]} 20... Nf8 { [%clk
0:13:36]} 21. Bxh5 {[%clk 0:19:41]} 21... g6 {[%clk 0:10:58]} 22. Be2 { [%clk
0:18:49]} 22... Nh7 {[%clk 0:10:00]} 23. Ng4 {[%clk 0:17:26]} 23... Kg7 { [%clk
0:08:00]} 24. Nf6 {[%clk 0:16:38]} 24... Rh8 {[%clk 0:07:38]} 25. Rg1 { [%clk
0:10:02]} 25... Kf8 {[%clk 0:06:16]} 26. Ng4 {[%clk 0:09:03]} 26... Nxg5 {[%clk
0:04:38]} 27. Qh2 {[%clk 0:07:52]} 27... Ne4 {[%clk 0:03:22]} 28. Bh6+ { [%clk
0:07:49]} 28... Ke8 {[%clk 0:03:06]} 29. f3 {[%clk 0:08:08]} 29... Nxc3 { [%clk
0:02:38]} 30. Nf6+ {[%clk 0:08:04]} 30... Ke7 {[%clk 0:02:49]} 31. Bg5 { [%clk
0:08:20]} 31... Kf8 {[%clk 0:01:41]} 32. Nh7+ {[%clk 0:08:27]} 32... Rxh7
{[%clk 0:02:03]} 33. Bxd8 {[%clk 0:08:51]} 33... Nxd8 {[%clk 0:02:25]} 34. Bd1
{[%clk 0:08:24]} 34... Nxd1 {[%clk 0:01:50]} 35. Raxd1 {[%clk 0:08:46]} 35...
Bd7 {[%clk 0:01:56]} 36. Qf4 {[%clk 0:08:34]} 36... Ba4 {[%clk 0:01:18]} 37.
Rd2 {[%clk 0:08:19]} 37... a5 {[%clk 0:01:13]} 38. Rxg6 {[%clk 0:08:28]} 38...
Ke8 {[%clk 0:00:54]} 39. Rg8+ {[%clk 0:08:17]} 39... Kd7 {[%clk 0:01:06]} 40.
Qg4 {[%clk 0:07:36]} 40... Rc8 {[%clk 0:00:33]} 41. Rg7 {[%clk 0:07:43]} 41...
Rh8 {[%clk 0:28:06]} 42. c3 {[%clk 0:35:33]} 42... b5 {[%clk 0:26:34]} 43. Rb2
{[%clk 0:30:05]} 43... Rb8 {[%clk 0:25:37]} 44. Qg3 {[%clk 0:29:23]} 44... Ke7
{[%clk 0:21:38]} 45. Kg2 {[%clk 0:25:05]} 45... Nc6 {[%clk 0:20:06]} 46. Qg5+ {
[%clk 0:25:09]} 46... Kf8 {[%clk 0:19:44]} 47. Qf6 {[%clk 0:24:51]} 47... Nd8 {
[%clk 0:19:31]} 48. Kh3 {[%clk 0:23:12]} 48... Ke8 {[%clk 0:17:57]} 49. Qf4 {
[%clk 0:16:02]} 49... Ke7 {[%clk 0:16:59]} 50. Qg5+ {[%clk 0:14:25]} 50... Kf8
{[%clk 0:16:52]} 51. h5 {[%clk 0:14:22]} 51... Rxh5+ {[%clk 0:16:57]} 52. Qxh5
{[%clk 0:14:21]} 52... Kxg7 {[%clk 0:17:22]} 53. Qh4 {[%clk 0:13:10]} 53... Kf8
{[%clk 0:14:50]} 54. Qf6 {[%clk 0:12:50]} 54... Ke8 {[%clk 0:13:51]} 55. f4 {
[%clk 0:13:00]} 55... Kf8 {[%clk 0:14:06]} 56. f5 {[%clk 0:12:22]} 56... Ke8 {
[%clk 0:13:43]} 57. fxe6 {[%clk 0:12:04]} 57... fxe6 {[%clk 0:13:20]} 58. Qh8+
{[%clk 0:10:21]} 58... Kd7 {[%clk 0:13:22]} 59. Qg7+ {[%clk 0:09:53]} 59... Ke8
{[%clk 0:12:10]} 60. Rf2 {[%clk 0:10:20]} 60... Nf7 {[%clk 0:11:17]} 61. Rxf7 {
[%clk 0:10:24]} 61... Rb7 62. Rf8# {Rb8  Rf7} 1-0

[Event "ODJM B 2017"]
[Site "Willingen GER"]
[Date "2017.06.08"]
[Round "7"]
[White "Fricke, Janek Konrad"]
[Black "Ebeling, Gereon"]
[Result "0-1"]
[Termination "normal"]
[Board "7"]
[WhiteElo "1449"]
[BlackElo "1358"]
[PlyCount "68"]
[WhiteFideId "12997471"]
[BlackFideId "16223160"]
[EventCountry "GER"]
[EventRounds "9"]
[EventType "swiss"]
[EventDate "2017.06.03"]

1. e4 e5 2. Nf3 Nc6 3. Bc4 Bc5 4. d3 Nf6 5. c3 O-O 6. Bb3 d5 7. Nbd2 dxe4 8.
dxe4 Bg4 9. O-O Bh5 10. h3 Qd6 11. Re1 Rad8 12. Nc4 Bxf2+ 13. Kxf2 Qc5+ 14. Be3
Nxe4+ 15. Ke2 Rxd1 16. Bxc5 Rxe1+ 17. Kxe1 Nxc5 18. g4 Nxb3 19. axb3 Bg6 20.
Kf2 Re8 21. Re1 e4 22. Nfd2 Ne5 23. Nxe5 Rxe5 24. Ke3 Re6 25. h4 h6 26. Re2 Kf8
27. Kf4 Ke7 28. Nxe4 Bxe4 29. Rxe4 Rxe4+ 30. Kxe4 Kf6 31. Ke3 g5 32. h5 Ke5 33.
Kf3 f5 34. Kg3 f4+ 0-1

[Event "ODJM B 2017"]
[Site "Willingen GER"]
[Date "2017.06.08"]
[Round "7"]
[White "Jung, Melanie"]
[Black "Borgmann, Simon"]
[Result "1/2-1/2"]
[Termination "normal"]
[Board "9"]
[WhiteElo "1359"]
[BlackElo "1647"]
[PlyCount "41"]
[WhiteFideId "16222911"]
[BlackFideId "16234677"]
[EventCountry "GER"]
[EventRounds "9"]
[EventType "swiss"]
[EventDate "2017.06.03"]

1. e4 e5 2. Nf3 Nc6 3. Bc4 Bc5 4. c3 Nf6 5. d4 exd4 6. cxd4 Bb4+ 7. Bd2 Bxd2+
8. Nbxd2 d6 9. d5 Ne5 10. Nxe5 dxe5 11. O-O O-O 12. f4 Qd6 13. fxe5 Qxe5 14.
Qc2 Re8 15. Rae1 Qd4+ 16. Kh1 Ng4 17. Nf3 Qb6 18. Qa4 Re7 19. Qa3 Re8 20. Qb3
Nf2+ 21. Kg1 1/2-1/2

[Event "ODJM B 2017"]
[Site "Willingen GER"]
[Date "2017.06.08"]
[Round "7"]
[White "Schulze, Lukas"]
[Black "Hoffmann, Kay"]
[Result "1-0"]
[Termination "normal"]
[Board "10"]
[WhiteElo "1408"]
[BlackElo "1059"]
[PlyCount "105"]
[WhiteFideId "12956856"]
[BlackFideId "16227000"]
[EventCountry "GER"]
[EventRounds "9"]
[EventType "swiss"]
[EventDate "2017.06.03"]

1. Nf3 d5 2. c4 e6 3. g3 f5 4. Qc2 c6 5. Bg2 Nf6 6. O-O Bd6 7. d3 O-O 8. Bg5
Be7 9. Rd1 Nbd7 10. Nc3 Re8 11. Bxf6 Nxf6 12. e4 fxe4 13. dxe4 Qc7 14. cxd5
exd5 15. Nxd5 Nxd5 16. exd5 Bd7 17. Qc4 Kh8 18. Nd4 Rac8 19. Rac1 c5 20. b4 b6
21. Nb3 b5 22. Qc2 c4 23. Be4 g6 24. Qc3+ Kg8 25. Nd4 Bxb4 26. d6 Bxc3 27. Bd5+
Kh8 28. dxc7 Bxd4 29. Rxd4 Rxc7 30. Rcd1 Rec8 31. Bxc4 bxc4 32. Rxd7 c3 33.
Rxc7 Rxc7 34. Rc1 Kg7 35. Kf1 Kf6 36. Ke2 Ke5 37. Kd3 c2 38. Rxc2 Rxc2 39. Kxc2
Ke4 40. Kd2 Kf3 41. Ke1 Kg2 42. h4 Kf3 43. a4 a5 44. Kf1 h5 45. Ke1 Ke4 46. Ke2
Kd4 47. f3 Ke5 48. Ke3 Kf5 49. Kd4 g5 50. hxg5 Kxg5 51. Kc5 Kf5 52. Kb5 Ke5 53.
Kxa5 1-0

[Event "ODJM B 2017"]
[Site "Willingen GER"]
[Date "2017.06.08"]
[Round "7"]
[White "Haase, Dominik"]
[Black "Ljuca, Semir"]
[Result "1-0"]
[Termination "normal"]
[Board "11"]
[WhiteElo "1468"]
[BlackElo "1263"]
[PlyCount "65"]
[WhiteFideId "16208781"]
[BlackFideId "16216130"]
[EventCountry "GER"]
[EventRounds "9"]
[EventType "swiss"]
[EventDate "2017.06.03"]

1. d4 d5 2. c4 e6 3. Nc3 Nf6 4. cxd5 exd5 5. Bf4 Bb4 6. e3 Bf5 7. Bd3 Ne4 8.
Nge2 Nxc3 9. Nxc3 Bxc3+ 10. bxc3 Bxd3 11. Qxd3 h5 12. Qb5+ Nd7 13. Qxd5 Rc8 14.
Qxb7 Nb6 15. Qc6+ Qd7 16. Qxd7+ Nxd7 17. f3 g5 18. Bg3 h4 19. Bf2 c5 20. O-O f5
21. Rab1 cxd4 22. cxd4 Rc6 23. Rfc1 Rxc1+ 24. Rxc1 O-O 25. Rc7 Rb8 26. h3 Rb1+
27. Kh2 Nf6 28. Rxa7 Nh5 29. Ra5 g4 30. fxg4 Ng3 31. Bxg3 hxg3+ 32. Kxg3 fxg4
33. Kxg4 1-0

[Event "ODJM B 2017"]
[Site "Willingen GER"]
[Date "2017.06.08"]
[Round "7"]
[White "Langer, Paul Georg"]
[Black "Schönweiler, Elisabeth"]
[Result "0-1"]
[Termination "normal"]
[Board "12"]
[WhiteElo "1414"]
[BlackElo "1341"]
[PlyCount "82"]
[WhiteFideId "16230051"]
[BlackFideId "12997005"]
[EventCountry "GER"]
[EventRounds "9"]
[EventType "swiss"]
[EventDate "2017.06.03"]

1. e4 c5 2. Nc3 e6 3. Nge2 a6 4. g3 Qc7 5. Bg2 Nc6 6. d3 g6 7. Be3 d6 8. O-O
Bg7 9. Qd2 Nge7 10. h3 O-O 11. Bh6 Bd7 12. g4 b5 13. Bxg7 Kxg7 14. Ng3 Nd4 15.
Nce2 Nxe2+ 16. Qxe2 Rab8 17. f4 Rbe8 18. h4 f5 19. h5 Qc8 20. g5 Kh8 21. Bh1
Kg7 22. Rf2 Bc6 23. Raf1 Rf7 24. Rh2 Rh8 25. h6+ Kg8 26. exf5 exf5 27. Bxc6
Nxc6 28. Re1 Kf8 29. Qe6 Qxe6 30. Rxe6 Rd7 31. c3 Kf7 32. Rhe2 Rf8 33. Re1 Re7
34. Rxe7+ Nxe7 35. b3 Nd5 36. Ne2 Re8 37. Kf2 Re6 38. Rb1 Rxe2+ 39. Kxe2 Nxc3+
40. Kd2 Nxb1+ 41. Kc2 Na3+ 0-1

[Event "ODJM B 2017"]
[Site "Willingen GER"]
[Date "2017.06.08"]
[Round "7"]
[White "Schilay, Maria"]
[Black "Lorenz, Anouk"]
[Result "1/2-1/2"]
[Termination "normal"]
[Board "13"]
[WhiteElo "1322"]
[BlackElo "1210"]
[PlyCount "91"]
[WhiteFideId "12942979"]
[BlackFideId "12990256"]
[EventCountry "GER"]
[EventRounds "9"]
[EventType "swiss"]
[EventDate "2017.06.03"]

1. e4 c5 2. Nc3 Nc6 3. g3 g6 4. Bg2 Bg7 5. d3 d6 6. Be3 Qa5 7. Nge2 Nd4 8. Bd2
Bg4 9. h3 Bf3 10. O-O Nf6 11. Re1 Nd7 12. Nd5 Qd8 13. Ndc3 Ne5 14. Bf4 Bxe2 15.
Nxe2 Nef3+ 16. Bxf3 Nxf3+ 17. Kg2 Nxe1+ 18. Qxe1 O-O 19. Qd2 d5 20. f3 dxe4 21.
fxe4 Qd7 22. Bh6 b6 23. Rh1 Rfd8 24. Bxg7 Kxg7 25. h4 h5 26. Nf4 f6 27. Qe3 c4
28. e5 Re8 29. dxc4 Qc6+ 30. Kh2 Qxc4 31. Rc1 Kh7 32. b3 Qc5 33. Qe4 f5 34. Qe2
Kh6 35. Ne6 Qc6 36. Qe3+ Kh7 37. Ng5+ Kg7 38. e6 Rf8 39. Nf7 Rxf7 40. exf7 Kxf7
41. Qg5 Rd8 42. Qf4 Kg7 43. Qe5+ Qf6 44. Qc7 Rd2+ 45. Kh3 a5 46. Qf4 1/2-1/2

[Event "ODJM B 2017"]
[Site "Willingen GER"]
[Date "2017.06.08"]
[Round "7"]
[White "von der Weyden, Louis"]
[Black "Guo, Philipp Ziming"]
[Result "1-0"]
[Termination "normal"]
[Board "14"]
[WhiteElo "1366"]
[BlackElo "1070"]
[PlyCount "63"]
[WhiteFideId "16207050"]
[BlackFideId "16245199"]
[EventCountry "GER"]
[EventRounds "9"]
[EventType "swiss"]
[EventDate "2017.06.03"]

1. c4 c5 2. Nc3 Nc6 3. g3 g6 4. Bg2 Bg7 5. e3 Nf6 6. Nge2 O-O 7. O-O d6 8. d4
e5 9. d5 Nb8 10. e4 Nbd7 11. f4 Re8 12. Bd2 a6 13. Qc2 Nb6 14. b3 Bg4 15. Rae1
Qd7 16. Be3 Rac8 17. Nc1 Qc7 18. Nd3 Bd7 19. h3 Rf8 20. Qf2 Na8 21. fxe5 dxe5
22. Bxc5 Rfe8 23. Rd1 b6 24. Ba3 h6 25. Rc1 Qb7 26. Bd6 Nh7 27. Qxf7+ Kh8 28.
Qxg6 Rg8 29. Rf7 Nc7 30. Rxd7 Nf6 31. Bxe5 Nxd7 32. Qxh6# 1-0

[Event "ODJM B 2017"]
[Site "Willingen GER"]
[Date "2017.06.08"]
[Round "7"]
[White "Seliokaite, Ana"]
[Black "Götz, Timon"]
[Result "1/2-1/2"]
[Termination "normal"]
[Board "15"]
[WhiteElo "1283"]
[BlackElo "1385"]
[PlyCount "63"]
[WhiteFideId "16224817"]
[BlackFideId "16245040"]
[EventCountry "GER"]
[EventRounds "9"]
[EventType "swiss"]
[EventDate "2017.06.03"]

1. e4 c5 2. d4 cxd4 3. c3 dxc3 4. Nxc3 a6 5. Bc4 e6 6. Nf3 Nc6 7. O-O b5 8. Bd3
Bb7 9. Re1 Nge7 10. Bf4 Nb4 11. Bf1 Ng6 12. Bg3 Nc6 13. Rc1 Na5 14. Nd5 Bxd5
15. Bc7 Qf6 16. exd5 Nb7 17. Qd2 Be7 18. dxe6 dxe6 19. Bd3 Nc5 20. Bxg6 hxg6
21. Be5 Qf5 22. Red1 Rd8 23. Qe2 Rxd1+ 24. Rxd1 O-O 25. Qe1 f6 26. Bd6 Re8 27.
Bxe7 Rxe7 28. Nd4 Qe4 29. Qxe4 Nxe4 30. Rc1 Kf7 31. f3 Nd6 32. Rc6 1/2-1/2

[Event "ODJM B 2017"]
[Site "Willingen GER"]
[Date "2017.06.08"]
[Round "7"]
[White "Frank, Cillian"]
[Black "Bayer, Oliver"]
[Result "1/2-1/2"]
[Termination "normal"]
[Board "16"]
[WhiteElo "1065"]
[BlackElo "1284"]
[PlyCount "70"]
[WhiteFideId "16245202"]
[BlackFideId "16243978"]
[EventCountry "GER"]
[EventRounds "9"]
[EventType "swiss"]
[EventDate "2017.06.03"]

1. e4 e5 2. f4 d6 3. Nf3 Bg4 4. h3 Bxf3 5. Qxf3 Nc6 6. Bb5 Nge7 7. Nc3 a6 8.
Ba4 b5 9. Bb3 Na5 10. d3 Nxb3 11. axb3 c6 12. b4 Nc8 13. Be3 Nb6 14. Qf2 Nd7
15. fxe5 dxe5 16. d4 Bxb4 17. Rd1 Bxc3+ 18. bxc3 exd4 19. cxd4 Nf6 20. O-O Qd7
21. e5 Nd5 22. Qg3 Nxe3 23. Qxe3 a5 24. Qf3 a4 25. d5 cxd5 26. Rxd5 Qa7+ 27.
Kh1 Rb8 28. Rb1 b4 29. Qe4 b3 30. cxb3 axb3 31. Rd3 b2 32. Qc6+ Ke7 33. Qd6+
Ke8 34. Qc6+ Kf8 35. Qd6+ Ke8 1/2-1/2

[Event "ODJM B 2017"]
[Site "Willingen GER"]
[Date "2017.06.08"]
[Round "7"]
[White "Abicht, Aruna Sophia"]
[Black "Youness, Fatima"]
[Result "1-0"]
[Termination "normal"]
[Board "17"]
[WhiteElo "1281"]
[BlackElo "1493"]
[PlyCount "123"]
[BlackFideId "16214404"]
[EventCountry "GER"]
[EventRounds "9"]
[EventType "swiss"]
[EventDate "2017.06.03"]

1. e4 e5 2. Nf3 Nc6 3. Bc4 Bc5 4. c3 Nf6 5. d3 d6 6. Bb3 O-O 7. O-O Be6 8. Bc2
Bg4 9. Nbd2 d5 10. exd5 Nxd5 11. Ne4 Bb6 12. a3 h6 13. c4 Nf6 14. h3 Bh5 15.
Ng3 Bg6 16. Be3 Re8 17. c5 Ba5 18. b4 Nxb4 19. axb4 Bxb4 20. Ba4 c6 21. Qb3 Nd5
22. d4 exd4 23. Bxd4 a5 24. Ne5 Ne7 25. Bc3 Bxc3 26. Qxc3 Nd5 27. Qb2 Rb8 28.
Nxg6 fxg6 29. Bb3 Kh7 30. Rfd1 Qf6 31. Qxf6 Nxf6 32. Rxa5 Re5 33. Rc1 b6 34.
Ra6 bxc5 35. Ba4 Nd7 36. Bxc6 Rb6 37. Rxb6 Nxb6 38. f4 Re6 39. Rxc5 Rf6 40. Ne2
Re6 41. Kf2 Kg8 42. Bd5 Nxd5 43. Rxd5 Kf7 44. Kf3 Kf6 45. Nc3 Ke7 46. Re5 Kf7
47. Rxe6 Kxe6 48. Kg4 Kf7 49. h4 Kf6 50. Ne4+ Ke6 51. g3 Kd5 52. Nc3+ Kd4 53.
Nb5+ Ke4 54. Nc7 h5+ 55. Kg5 Kf3 56. Kxg6 Kxg3 57. Kxh5 Kxf4 58. Kg6 Kg4 59. h5
Kh4 60. Ne6 Kg4 61. Nxg7 Kf4 62. h6 1-0

[Event "ODJM B 2017"]
[Site "Willingen GER"]
[Date "2017.06.08"]
[Round "7"]
[White "König, Dominik"]
[Black "Hierl, Johannes"]
[Result "1-0"]
[Termination "normal"]
[Board "18"]
[WhiteElo "1150"]
[BlackElo "1275"]
[PlyCount "63"]
[WhiteFideId "16245148"]
[BlackFideId "16235096"]
[EventCountry "GER"]
[EventRounds "9"]
[EventType "swiss"]
[EventDate "2017.06.03"]

1. e4 g6 2. Nf3 Bg7 3. d4 d6 4. Be3 a6 5. h3 b5 6. c3 Bb7 7. Bd3 Nd7 8. Na3
Ngf6 9. d5 c5 10. c4 Nxe4 11. Bxe4 Bxb2 12. Nc2 Bxa1 13. Qxa1 Rg8 14. cxb5 axb5
15. O-O f5 16. Bd3 Qa5 17. a3 Bxd5 18. Be2 Nf6 19. Bg5 Ne4 20. Qc1 Nc3 21. Qe3
Nxe2+ 22. Qxe2 Ra7 23. Re1 Bxf3 24. Qxf3 Kf7 25. Qd5+ Kf8 26. Bh6+ Ke8 27.
Qxg8+ Kd7 28. Bg5 Kc6 29. Qe8+ Kb6 30. Rxe7 Rxe7 31. Bxe7 Qa7 32. Bd8+ 1-0

[Event "ODJM B 2017"]
[Site "Willingen GER"]
[Date "2017.06.08"]
[Round "7"]
[White "Lohrmann, Linus"]
[Black "Senechal, Niklas Bennett"]
[Result "0-1"]
[Termination "normal"]
[Board "21"]
[WhiteElo "1422"]
[BlackElo "1399"]
[PlyCount "130"]
[WhiteFideId "12982857"]
[BlackFideId "16231180"]
[EventCountry "GER"]
[EventRounds "9"]
[EventType "swiss"]
[EventDate "2017.06.03"]

1. e4 c6 2. c4 Nf6 3. Nc3 d5 4. exd5 cxd5 5. Nf3 Nc6 6. cxd5 Nxd5 7. Nxd5 Qxd5
8. d4 Bg4 9. Be3 Rd8 10. Be2 e6 11. a3 g6 12. h3 Bf5 13. Rc1 Bg7 14. Rc5 Qd6
15. O-O Bxd4 16. Rxc6 Qxc6 17. Nxd4 Qc7 18. Nb5 Qe5 19. Nd4 O-O 20. Qa4 a6 21.
Bf3 Be4 22. Bxe4 Qxe4 23. Rd1 e5 24. Qb4 exd4 25. Bh6 Rfe8 26. Qb6 Qe6 27. Qxb7
d3 28. Qb4 Qe2 29. Rd2 Qe5 30. Be3 a5 31. Qb3 Qd6 32. Qa4 Rc8 33. Qb3 Rc1+ 34.
Rd1 d2 35. Qa4 Re7 36. Qg4 f5 37. Qf3 f4 38. Bxf4 Rxd1+ 39. Kh2 Qxf4+ 40. Qxf4
Rh1+ 41. Kxh1 d1=Q+ 42. Kh2 Qe2 43. Qb8+ Kg7 44. Qb3 Qe5+ 45. g3 Qf6 46. Qc2
Rf7 47. Kg2 Qf3+ 48. Kg1 Rd7 49. Kh2 Rd1 50. Qc7+ Kh6 51. Qf4+ Qxf4 52. gxf4
Rd2 53. Kg3 Rxb2 54. Kg4 Rxf2 55. f5 Rxf5 56. h4 Rc5 57. Kg3 Rc3+ 58. Kg4 Rxa3
59. h5 Rb3 60. Kh4 a4 61. Kg4 a3 62. Kh4 a2 63. hxg6 Kxg6 64. Kg4 a1=Q 65. Kh4
Qa4# 0-1

[Event "ODJM B 2017"]
[Site "Willingen GER"]
[Date "2017.06.08"]
[Round "7"]
[White "Frank, Marian"]
[Black "Sohr, Jim"]
[Result "0-1"]
[Termination "normal"]
[Board "22"]
[WhiteElo "1343"]
[BlackElo "1205"]
[PlyCount "95"]
[WhiteFideId "16245059"]
[BlackFideId "16245105"]
[EventCountry "GER"]
[EventRounds "9"]
[EventType "swiss"]
[EventDate "2017.06.03"]

1. e4 e5 2. Nf3 Nc6 3. Bc4 Bc5 4. c3 Nf6 5. d4 exd4 6. O-O O-O 7. cxd4 Bb6 8.
d5 Ne7 9. e5 Ne4 10. b4 Nxf2 11. Rxf2 Bxf2+ 12. Kxf2 h6 13. Nc3 Ng6 14. Bb2
Nxe5 15. Nxe5 Qh4+ 16. Kg1 d6 17. Qe1 Qd4+ 18. Qf2 Qxe5 19. Nb5 Qe7 20. Re1 Qd7
21. Qg3 Qg4 22. Qc3 Bd7 23. Re7 Bxb5 24. Bxb5 a6 25. Be2 Qg5 26. Rxc7 Qf6 27.
Qc2 Qg5 28. Bf3 Qe3+ 29. Qf2 Qd3 30. Qd4 Qb1+ 31. Bd1 Qg6 32. Rxb7 Rfe8 33. Qc3
Re5 34. Bf3 Rae8 35. Rb6 Qf6 36. Kf2 Qh4+ 37. g3 Qxh2+ 38. Kf1 Re1+ 39. Qxe1
Rxe1+ 40. Kxe1 Qxb2 41. Be2 Qxa2 42. Rxd6 Qa1+ 43. Kf2 Qd4+ 44. Kf1 Qxb4 45.
Rxa6 Qb1+ 46. Kg2 Qe4+ 47. Bf3 Qc2+ 48. Kh3 0-1

[Event "ODJM B 2017"]
[Site "Willingen GER"]
[Date "2017.06.08"]
[Round "7"]
[White "Kessen, Fanny"]
[Black "Wagner, Margarethe"]
[Result "0-1"]
[Termination "normal"]
[Board "23"]
[WhiteElo "1213"]
[BlackElo "1293"]
[PlyCount "98"]
[WhiteFideId "16217357"]
[BlackFideId "16236947"]
[EventCountry "GER"]
[EventRounds "9"]
[EventType "swiss"]
[EventDate "2017.06.03"]

1. e4 c5 2. Nc3 a6 3. g3 b5 4. a3 Bb7 5. Bg2 e6 6. d3 Nf6 7. Be3 Be7 8. h3 O-O
9. Nce2 d5 10. e5 Nfd7 11. f4 Nc6 12. Nf3 d4 13. Bd2 Nb6 14. O-O Rc8 15. c3
dxc3 16. Bxc3 Qd7 17. Qc2 Nd5 18. Bd2 Rfd8 19. Rad1 b4 20. Qb3 a5 21. g4 Ra8
22. a4 Ba6 23. Nc1 Rac8 24. Rfe1 Na7 25. d4 cxd4 26. Nxd4 Bc4 27. Qg3 Bc5 28.
Re4 Nc6 29. Be1 Nxd4 30. Rexd4 Qxa4 31. b3 Qa1 32. Bf2 Bxd4 33. Bxd4 Qb1 34.
bxc4 Rxc4 35. Be3 Rc3 36. Bxd5 Rxd5 37. Rxd5 exd5 38. Qe1 Rc2 39. Nd3 Qxe1+ 40.
Nxe1 Ra2 41. Kf1 b3 42. Nd3 b2 43. Nxb2 Rxb2 44. Bd4 Rh2 45. g5 Rxh3 46. Kf2
Rd3 47. Bb6 a4 48. Ke2 Rb3 49. Kd2 Rxb6 0-1

[Event "ODJM B 2017"]
[Site "Willingen GER"]
[Date "2017.06.08"]
[Round "7"]
[White "Lorenz, Keana"]
[Black "Bakalarz, Adrian"]
[Result "1-0"]
[Termination "normal"]
[Board "24"]
[WhiteElo "1270"]
[BlackElo "1039"]
[PlyCount "67"]
[WhiteFideId "12990248"]
[BlackFideId "12955809"]
[EventCountry "GER"]
[EventRounds "9"]
[EventType "swiss"]
[EventDate "2017.06.03"]

1. e4 d5 2. exd5 Nf6 3. d4 Nxd5 4. c4 Nf6 5. Nc3 Bf5 6. Be3 e6 7. h3 Bb4 8. Nf3
Nc6 9. a3 Be7 10. Be2 O-O 11. O-O Qd7 12. b4 a6 13. d5 exd5 14. cxd5 Nb8 15.
Ne5 Qd6 16. Bf4 Ne4 17. Nxe4 Bxe4 18. Bc4 Qf6 19. Bg3 Bd6 20. Ng4 Qg6 21. Bxd6
Qxd6 22. Re1 Bf5 23. Ne3 Bg6 24. h4 h6 25. h5 Bh7 26. Bd3 Nd7 27. Nf5 Bxf5 28.
Bxf5 Nf6 29. g4 Nxd5 30. Qf3 c6 31. Rad1 a5 32. b5 Rad8 33. Be4 Rfe8 34. Qf5
1-0

[Event "ODJM B 2017"]
[Site "Willingen GER"]
[Date "2017.06.08"]
[Round "7"]
[White "Löding, Sarah-Marie"]
[Black "Grimm, Nicola Marie"]
[Result "0-1"]
[Termination "normal"]
[Board "25"]
[WhiteElo "1120"]
[BlackElo "1239"]
[PlyCount "76"]
[WhiteFideId "16245164"]
[BlackFideId "12988987"]
[EventCountry "GER"]
[EventRounds "9"]
[EventType "swiss"]
[EventDate "2017.06.03"]

1. d4 d5 2. Nc3 Nf6 3. Bf4 c6 4. f3 Bf5 5. e3 e6 6. Bd3 Bg6 7. Nge2 Bd6 8. e4
Bxf4 9. Nxf4 Qb6 10. Nfe2 Na6 11. e5 Nd7 12. O-O c5 13. Nb5 O-O 14. b3 Nxe5 15.
dxe5 c4+ 16. Kh1 cxd3 17. Ned4 dxc2 18. Qd2 Nc7 19. Nd6 Ne8 20. Nxe8 Rfxe8 21.
Nxc2 Qc7 22. Rac1 Qxe5 23. Rfe1 Qb2 24. Red1 Qxa2 25. Nd4 Qxd2 26. Rxd2 Rac8
27. Ra1 a6 28. b4 Rc4 29. b5 Rec8 30. h3 Rc1+ 31. Rxc1 Rxc1+ 32. Kh2 axb5 33.
Nxb5 Kf8 34. Nd6 b6 35. Rb2 Rb1 36. Rxb1 Bxb1 37. Kg1 Bd3 38. Nb7 Ke7 0-1